[Event "Gibraltar Open"]
[Site "Caleta ENG"]
[Date "2012.01.31"]
[Round "8.82"]
[White "Kyas,J"]
[Black "Skutta,B"]
[Result "1-0"]
[WhiteElo "2195"]
[BlackElo "2078"]

1.e4 d6 2.d4 Nf6 3.Nc3 e5 4.Nf3 Nbd7 5.Bc4 Be7 6.O-O O-O 7.Re1 c6 8.a4 a5
9.h3 Nb6 10.Bd3 Nfd7 11.Be3 exd4 12.Nxd4 Nc5 13.Qe2 Bf6 14.f4 g6 15.Kh1 Nxd3
16.cxd3 Nd7 17.Nf3 b6 18.d4 Ba6 19.Qf2 Bg7 20.Rad1 Re8 21.e5 f5 22.d5 c5
23.e6 Nf6 24.Ng5 Qe7 25.Rg1 Bb7 26.Kh2 h6 27.Nf3 Ba6 28.Nh4 Bc4 29.Nxg6 Qb7
30.Qf3 Nh7 31.Bd2 Bd4 32.Rge1 Nf6 33.Nh4 Qh7 34.Qg3+ Kh8 35.Ng6+ Kg7 36.Ne5+ Ng4+
37.Nxg4 fxg4 38.Qxg4+ Kh8 39.Qh5 Rg8 40.Ne4 Qg7 41.g4 Rad8 42.e7  1-0

[Event "Moscow Open 2012 A"]
[Site "Moscow RUS"]
[Date "2012.01.31"]
[Round "4.20"]
[White "Kovalev,Vl"]
[Black "Bocharov,D"]
[Result "1/2-1/2"]
[WhiteElo "2453"]
[BlackElo "2611"]

1.e4 d6 2.d4 Nf6 3.Nc3 e5 4.Nf3 Nbd7 5.Bc4 Be7 6.O-O O-O 7.Re1 c6 8.a4 exd4
9.Nxd4 Ne5 10.Ba2 Re8 11.f4 Ng6 12.Qd3 d5 13.exd5 Bc5 14.Rxe8+ Qxe8 15.Bd2 cxd5
16.Nxd5 Nxd5 17.Bxd5 Qd8 18.Qc4 Be6 19.Qxc5 Bxd5 20.c4 Be6 21.Bc3 Qh4 22.Nf5 Bxf5
23.Qxf5 Qxf4 24.Qxf4 Nxf4 25.Rd1 Ne2+ 26.Kf2 Nxc3 27.bxc3 Kf8 28.Rd7 Rc8
29.Rxb7 a5 30.Rb5 Rxc4 31.Rxa5 Rxc3 32.Ra8+ Ke7 33.Ra7+ Ke6 34.Ra6+ Ke5 35.Ra7 Ke6
36.Ra6+ Ke5 37.Ra7  1/2-1/2

[Event "Moscow Open A 2012"]
[Site "Moscow RUS"]
[Date "2012.01.31"]
[Round "4"]
[White "Ni Hua"]
[Black "Kabanov,N"]
[Result "1-0"]
[WhiteElo "2641"]
[BlackElo "2522"]

1.e4 d6 2.d4 Nf6 3.Nc3 e5 4.Nf3 Nbd7 5.Bc4 Be7 6.O-O O-O 7.Re1 c6 8.a4 a5
9.h3 Nb6 10.Ba2 Nfd7 11.dxe5 dxe5 12.Be3 Qc7 13.Ng5 Bxg5 14.Bxg5 Nc5 15.Be3 Ne6
16.Qh5 Nd4 17.Rad1 c5 18.Nb5 Nxb5 19.axb5 Bd7 20.Bh6 gxh6 21.Qxh6 c4 22.Re3 f6
23.Rg3+ Kf7 24.Rg7+ Ke8 25.Qxh7 Kd8 26.Bxc4 Qxc4 27.Rgxd7+ Kc8 28.R7d6 Qc7
29.Qh6  1-0

[Event "Moscow Open Women 2012"]
[Site "Moscow RUS"]
[Date "2012.01.31"]
[Round "4.12"]
[White "Kisteneva,L"]
[Black "Timofeeva,Ekaterina"]
[Result "0-1"]
[WhiteElo "1989"]
[BlackElo "2277"]

1.e4 d6 2.d4 Nf6 3.Nc3 e5 4.Nf3 Nbd7 5.Bc4 Be7 6.O-O O-O 7.Qe2 c6 8.a4 exd4
9.Nxd4 Re8 10.f4 d5 11.exd5 Bc5 12.Qd3 cxd5 13.Bb3 Qb6 14.Rd1 Bxd4+ 15.Qxd4 Re1+
16.Kf2 Rxd1 17.Qxb6 Ne4+ 18.Ke2 Nxb6 19.Kxd1 Bg4+ 20.Ke1 Nxc3 21.bxc3 Re8+
22.Kf1 Re4 23.h3 Bd7 24.a5 Bb5+ 25.Kf2 Nc4 26.Bxc4 Rxc4 27.Ra3 a6 28.Be3 f6
29.Bd4 Kf7 30.g3 h5 31.Kf3 Rc7 32.Ra1 Re7 33.Be3 Bd7 34.h4 Re4 35.Rb1 Bc6
36.Ra1 Ke6 37.Kf2 Kf5 38.Ra3 Kg4 39.Ra1 g6 40.Bd4 Bb5 41.Re1 Rxe1 42.Kxe1 Kxg3
43.Bxf6 Kxf4 44.Kd2 Ke4 45.Bg5 Ke5 46.Be3 Kd6 47.Kc1 Bd7 48.Kb2 Kc6 49.Bg5 Kb5
50.Bd8 Bf5 51.Kb3 g5 52.Bxg5 Kxa5 53.Bf6 Kb5 54.Be7 Be6 55.Kb2 Kc4 56.Bf6 b5
57.Be5 a5 58.Bf6 a4 59.Be7 d4 60.cxd4 b4 61.Bc5 a3+ 62.Kc1 Kc3 63.Kb1 Bf5
64.d5 Bxc2+ 65.Ka1 Kc4 66.Bf8 Be4  0-1

[Event "Moscow Open F 2012"]
[Site "Moscow RUS"]
[Date "2012.01.31"]
[Round "4.2"]
[White "Kryakvin,D"]
[Black "Piskunov,A"]
[Result "1/2-1/2"]
[WhiteElo "2566"]
[BlackElo "2318"]

1.e4 d6 2.d4 Nf6 3.Nc3 e5 4.Nge2 Be7 5.g3 O-O 6.Bg2 c6 7.O-O b5 8.a3 a5 9.h3 Na6
10.g4 b4 11.axb4 axb4 12.Na4 h5 13.dxe5 dxe5 14.Be3 hxg4 15.Nb6 gxh3 16.Qxd8 Bxd8
17.Nxa8 hxg2 18.Kxg2 Nxe4 19.Nc1 Nec5 20.Nb3 Nxb3 21.cxb3 c5 22.Rfd1 f5 23.f3 f4
24.Bf2 e4 25.fxe4 Bb7 26.Kf3 Re8 27.Rd7 Bxe4+ 28.Kxf4 Bc6 29.Rxd8 Rxd8 30.Rxa6 Bxa8
31.Bxc5 Bd5  1/2-1/2

[Event "17th HIT Open A"]
[Site "Nova Gorica SLO"]
[Date "2012.01.31"]
[Round "7"]
[White "Hrescak,Ivana"]
[Black "Menon,Michele"]
[Result "1/2-1/2"]
[WhiteElo "1606"]
[BlackElo "1786"]

1.e4 d6 2.d4 Nf6 3.Nc3 c6 4.Be3 Nbd7 5.f3 e5 6.Nge2 Be7 7.Ng3 Nb6 8.dxe5 dxe5
9.Qxd8+ Bxd8 10.O-O-O O-O 11.Be2 Be6 12.Kb1 h6 13.b3 Bc7 14.Rd2 a5 15.a4 Rad8
16.Rhd1 Rxd2 17.Rxd2 Rd8 18.Rxd8+ Bxd8 19.Kc1 Nbd7 20.Nd1 Be7 21.Nb2 Ba3
22.Kb1 Bc5 23.Bxc5 Nxc5 24.Bc4 Bd7 25.Be2 b5 26.axb5 cxb5 27.Nd3 Nxd3 28.Bxd3 g6
29.Kb2 Ne8 30.Ne2 Nd6 31.Nc3 Kg7 32.Nd5 f5 33.exf5 gxf5  1/2-1/2

[Event "17th HIT Open A"]
[Site "Nova Gorica SLO"]
[Date "2012.01.31"]
[Round "7"]
[White "Laposi,Andrej"]
[Black "Dusak,Aljaz"]
[Result "0-1"]
[WhiteElo "1816"]
[BlackElo "2147"]

1.e4 d6 2.d4 Nf6 3.Nc3 c6 4.f4 Qa5 5.Bd3 e5 6.Nf3 Bg4 7.Be3 Nbd7 8.Qd2 Bxf3
9.gxf3 c5 10.fxe5 cxd4 11.exf6 dxc3 12.Qxc3 Qxc3+ 13.bxc3 Nxf6 14.Bb5+ Nd7
15.O-O-O a6 16.Bxd7+ Kxd7 17.Bd4 Rg8 18.Rhg1 g6 19.Rge1 Kc6 20.Rd3 Bh6+ 21.Be3 Bxe3+
22.Rdxe3 Rge8 23.e5 dxe5 24.Rxe5 Rxe5 25.Rxe5 Kd6 26.Re3 Rc8 27.Kd2 Rc5 28.Re1 Rh5
29.Rh1 Rh3 30.Ke3 Ke5 31.c4 Rh4 32.Kd3 Rd4+ 33.Kc3 Rd7 34.Rf1 Kf4 35.a4 f5
36.Kb4 Ke3  0-1

[Event "34th Tringov Memorial"]
[Site "Plovdiv BUL"]
[Date "2012.01.31"]
[Round "3.9"]
[White "Lomsadze,D"]
[Black "Janev,E"]
[Result "1-0"]
[WhiteElo "2341"]
[BlackElo "2503"]

1.e4 d6 2.d4 Nf6 3.Nc3 e5 4.Nf3 Nbd7 5.Bc4 Be7 6.O-O O-O 7.Re1 exd4 8.Qxd4 Nb6
9.Bf1 Bg4 10.Qd3 Nfd7 11.Bf4 Re8 12.h3 Bxf3 13.Qxf3 Bf6 14.Rad1 Ne5 15.Bxe5 Bxe5
16.b3 c6 17.Nb1 Nd7 18.Nd2 b5 19.a4 a6 20.b4 Qb6 21.c3 Nf6 22.Qd3 d5 23.axb5 axb5
24.exd5 Nxd5 25.Ne4 h6 26.Qf3 g6 27.Kh1 Kg7 28.g3 Re7 29.Nc5 Qc7 30.Bxb5 Nxc3
31.Bxc6 Nxd1 32.Bxa8 Nc3 33.Kg2 Bd4 34.Rxe7 Qxe7 35.Bd5 Bf6 36.Bc4 Qe1 37.Nd7 Ne4
38.Bd5 Qxb4 39.Qxe4  1-0

[Event "34th Tringov Memorial"]
[Site "Plovdiv BUL"]
[Date "2012.01.31"]
[Round "4.21"]
[White "Petrov,Pl"]
[Black "Stamenkov,V"]
[Result "1/2-1/2"]
[WhiteElo "1890"]
[BlackElo "2334"]

1.e4 d6 2.d4 Nf6 3.Nc3 e5 4.Bc4 Be7 5.Nge2 O-O 6.f3 c6 7.dxe5 dxe5 8.Qxd8 Rxd8
9.Be3 b5 10.Bb3 Na6 11.a3 Bc5 12.Kf2 Bxe3+ 13.Kxe3 Nc5 14.Ba2 Be6 15.Rad1 Kf8
16.Bxe6 Nxe6 17.g4 Ke7 18.h4 h5 19.g5 Nd7 20.Rd2 Nb6 21.b3 Rxd2 22.Kxd2 Rd8+
23.Ke3 g6 24.Rd1 Rxd1 25.Nxd1 a5 26.f4 exf4+ 27.Nxf4 a4 28.Nxe6 Kxe6 29.Kd4 Kd6
30.e5+ Kc7 31.Ne3 Nd7 32.bxa4 bxa4 33.Nc4 Kd8  1/2-1/2

[Event "Gibraltar Open"]
[Site "Caleta ENG"]
[Date "2012.02.01"]
[Round "9.70"]
[White "Weber,Franc ESP"]
[Black "Chapman,T"]
[Result "0-1"]
[WhiteElo "2155"]
[BlackElo "2253"]

1.e4 d6 2.d4 Nf6 3.Nc3 c6 4.a4 e5 5.h3 Nbd7 6.Nf3 Be7 7.Bc4 O-O 8.O-O b6
9.Re1 a6 10.Ba2 Rb8 11.Nh4 g6 12.Nf3 Nh5 13.Bh6 Ng7 14.Qd2 b5 15.axb5 axb5
16.Bb3 Qc7 17.Ra2 exd4 18.Qxd4 Bf6 19.Qe3 Re8 20.Ra7 Rb7 21.Ra8 Nf5 22.Qf4 Nxh6
23.Qxh6 Nb6 24.Raa1 Bg7 25.Qh4 Nc4 26.Ra8 h6 27.Nd1 Nb6 28.Ra2 Qe7 29.Qg3 Kh7
30.c3 Be6 31.Bxe6 Qxe6 32.Ra6 Qd7 33.Qf4 Na4 34.Qd2 Nc5 35.Ra3 Nxe4 36.Qc2 d5
37.Ne3 b4 38.cxb4 Rxb4 39.b3 Qb7 40.Nd1 Rb8 41.Qa2 Qb5 42.Re3 Qc5 43.Rd3 Qc1
44.Kh2 Nc5  0-1

[Event "Gibraltar Open"]
[Site "Caleta ENG"]
[Date "2012.02.01"]
[Round "9.112"]
[White "Thornton,J"]
[Black "Zachariassen,J"]
[Result "1-0"]
[WhiteElo "2050"]
[BlackElo "1949"]

1.e4 d6 2.d4 Nf6 3.Nc3 Nbd7 4.Nf3 e5 5.Bc4 Be7 6.O-O O-O 7.Re1 c6 8.a4 Qc7
9.h3 a5 10.Bb3 Rb8 11.Qe2 Ra8 12.Be3 Ne8 13.Rad1 h6 14.Nh2 Ndf6 15.f4 exf4
16.Bxf4 g5 17.Be3 Ng7 18.h4 Nh7 19.Rf1 h5 20.hxg5 Nxg5 21.Qd2 Qd8 22.Rf2 b5
23.axb5 cxb5 24.Bd5 Rb8 25.Rdf1 Be6 26.Nf3 Nxf3+ 27.Rxf3 b4 28.Ne2 Qd7 29.Bh6 Rb5
30.Rg3 Bg4 31.Qf4 Kh7 32.Re3 Bxe2 33.Rxe2 Qg4 34.Ref2 Qxf4 35.Bxf4 f5 36.Bc4 Rbb8
37.exf5 Rbd8 38.Bg3 Bf6 39.Rd2 Ne8 40.Bf2 Nc7 41.Rd3 a4 42.Rh3 Ra8 43.Rxh5+ Kg7
44.c3 a3 45.bxa3 bxc3 46.Be3 Rh8 47.Rxh8 Kxh8 48.Kf2 d5 49.Bd3 Rxa3 50.g4 c2
51.Ke2 Ra4 52.Bxc2 Ra2 53.Kd3 Nb5 54.g5 Bxd4 55.Bxd4+ Nxd4 56.Kxd4 Rxc2 57.Kxd5 Rg2
58.g6 Rd2+ 59.Ke6 Ra2 60.Kf6  1-0

[Event "ch-TUR 2012"]
[Site "Kemer TUR"]
[Date "2012.02.01"]
[Round "6.1"]
[White "Ali Marandi,C"]
[Black "Solak,D"]
[Result "1/2-1/2"]
[WhiteElo "2292"]
[BlackElo "2613"]

1.e4 d6 2.d4 Nf6 3.Nc3 e5 4.Nf3 Nbd7 5.g4 Nxg4 6.Rg1 Ngf6 7.Bc4 h6 8.Be3 c6
9.Qd3 b5 10.Bb3 Qa5 11.dxe5 dxe5 12.O-O-O Ba6 13.Nd2 O-O-O 14.Qf1 g5  1/2-1/2

[Event "Moscow Open 2012 A"]
[Site "Moscow RUS"]
[Date "2012.02.01"]
[Round "5.24"]
[White "Kovalev,Vl"]
[Black "Sjugirov,S"]
[Result "1-0"]
[WhiteElo "2453"]
[BlackElo "2622"]

1.e4 d6 2.d4 Nf6 3.Nc3 e5 4.Nf3 Nbd7 5.Bc4 Be7 6.O-O c6 7.a4 Qa5 8.Ba2 O-O
9.Re1 exd4 10.Nxd4 Ne5 11.f4 Ng6 12.Qd3 Re8 13.Bd2 Qc5 14.b4 Qb6 15.a5 Qc7
16.b5 Bf8 17.a6 c5 18.b6 Qxb6 19.Reb1 Qc7 20.Nd5 Nxd5 21.Nb5 Qd7 22.Bxd5 Rd8
23.Qb3 Ne7 24.Ba5 b6 25.Bxb6 Nxd5 26.Qxd5 Rb8 27.Bxd8 Rxb5 28.Rxb5 Qxb5 29.Bc7 Bxa6
30.Bxd6 Bb7 31.Qe5 Bxd6 32.Qxd6 h6 33.Qd3 Qb2 34.Rd1 a5 35.Qb3 Qxb3 36.cxb3 Bxe4
37.Rc1 Bd5 38.Rxc5 Bxb3 39.Rxa5 f6 40.Kf2 g5 41.f5 h5 42.g3 g4 43.Ke3 Kg7
44.Kf4 Bc4 45.Ke4 Bb3 46.Kd4 Bc2 47.Rc5 Bb1 48.Rd5 Kh6 49.Kc5 Kg5 50.Kd6 h4
51.Ke7 hxg3 52.hxg3 Ba2 53.Rd6 Bb1 54.Rxf6 Bxf5 55.Rf8 Be4 56.Ke6 Bf3 57.Rg8+ Kh6
58.Kf6 Kh7 59.Rg7+ Kh6 60.Rd7 Be4 61.Rd8 Kh7 62.Kg5 Bf3 63.Rd7+ Kg8 64.Kh6 Be2
65.Kg6 Kf8 66.Rf7+ Ke8 67.Rf4  1-0

[Event "Moscow Open 2012 A"]
[Site "Moscow RUS"]
[Date "2012.02.01"]
[Round "5.82"]
[White "Kachar,V"]
[Black "Logachiov,A"]
[Result "1-0"]
[WhiteElo "2294"]
[BlackElo "2116"]

1.d4 d6 2.e4 Nf6 3.Nc3 e5 4.Nf3 exd4 5.Nxd4 Be7 6.Be2 O-O 7.O-O c5 8.Nf3 Nc6
9.h3 Be6 10.Ng5 d5 11.exd5 Bxd5 12.Nxd5 Nxd5 13.Nf3 Bf6 14.c3 Nde7 15.Qc2 Qc7
16.Re1 Ng6 17.Be3 b6 18.Rad1 Rad8 19.Bb5 Nce5 20.Nd2 Qb7 21.Ne4 Bh4 22.Nd6 Qb8
23.Nf5 Qb7 24.Qe2 c4 25.Bxc4 Qe4 26.Nd4 Nxc4 27.Qxc4 Nf4 28.Qf1 Rd6 29.Bc1 Nxh3+
30.gxh3 Qg6+ 31.Qg2 Qh5 32.Bf4 Rg6 33.Bg3 f5 34.Qd5+ Kh8 35.Nxf5  1-0

[Event "34th Tringov Memorial"]
[Site "Plovdiv BUL"]
[Date "2012.02.01"]
[Round "5.3"]
[White "Yordanov,Nikolay1"]
[Black "Tadic,Br"]
[Result "0-1"]
[WhiteElo "2290"]
[BlackElo "2487"]

1.e4 d6 2.d4 Nf6 3.Nc3 Nbd7 4.Nf3 e5 5.Bc4 Be7 6.O-O O-O 7.Re1 Nb6 8.Bb3 exd4
9.Qxd4 Bg4 10.Nd2 Nfd7 11.Nc4 Nxc4 12.Bxc4 Bf6 13.Qe3 Re8 14.Nd5 Bh4 15.Qf4 Ne5
16.Bb3 Re6 17.h3 c6 18.hxg4 cxd5 19.g5 Ng6 20.Qg4 Qa5 21.c3 Rae8 22.g3 h5
23.Qxh5 Rxe4 24.Rxe4 Rxe4 25.Bd2 Qb5 26.gxh4 Qd3 27.Re1 Nf4 28.Qd1 Ne2+ 29.Rxe2 Rg4+
30.Kh2 Rxh4+ 31.Kg1 Rg4+ 32.Kh2 Qh7+  0-1

[Event "Gibraltar Open"]
[Site "Caleta ENG"]
[Date "2012.02.02"]
[Round "10.1"]
[White "Hou Yifan"]
[Black "Mamedyarov,S"]
[Result "1/2-1/2"]
[WhiteElo "2605"]
[BlackElo "2747"]

1.e4 d6 2.d4 Nf6 3.Nc3 c6 4.Nf3 Bg4 5.Be2 e6 6.O-O Be7 7.h3 Bh5 8.e5 dxe5
9.Nxe5 Bxe2 10.Nxe2 Nbd7 11.c4 Nxe5 12.dxe5 Nd7 13.Bf4 Qa5 14.a3 Nxe5 15.b4 Qc7
16.Qd4 f6 17.Rad1 a5 18.Qe4 Kf7 19.Bg3 axb4 20.axb4 Bxb4 21.Nd4 Bc5 22.f4 Bxd4+
23.Rxd4 Nd7 24.Qxe6+ Kxe6 25.f5+ Ke7 26.Bxc7 Rhe8 27.Rb1 Ra7 28.Rbd1 Nf8
29.Rb1 Kf7 30.c5 Re7 31.Bd6 Rd7 32.Rdb4 h5 33.Rh4 Nh7 34.Rxh5 Kg8 35.Rh4 Ra8
36.Rb6 Ng5 37.Rhb4 Ra7 38.Bb8 Ra1+ 39.Kh2 Rd5 40.Rxb7 Rxf5 41.Bd6 Ra2 42.Rg4 Rf3
43.h4 Rh3+ 44.Kg1 Ra1+ 45.Kf2 Ra2+ 46.Kg1  1/2-1/2

[Event "Gibraltar Open"]
[Site "Caleta ENG"]
[Date "2012.02.02"]
[Round "10.69"]
[White "Navarrete Espi,S"]
[Black "Sanchez,Lo"]
[Result "0-1"]
[WhiteElo "2120"]
[BlackElo "2261"]

1.e4 d6 2.d4 Nf6 3.Nc3 e5 4.Nf3 Nbd7 5.Bc4 Be7 6.O-O Nb6 7.Bb3 exd4 8.Qxd4 O-O
9.Qd3 Nfd7 10.Be3 a5 11.a4 Nc5 12.Qd2 Nbd7 13.Rad1 Bf6 14.Nd4 Nxb3 15.Nxb3 Ne5
16.f4 Nc4 17.Qe2 Nxb2 18.e5 Nxd1 19.Rxd1 Be7 20.Nd4 Re8 21.Ne4 Bf8 22.Qf3 Qe7
23.Ng3 g6 24.Ne4 Bg7 25.f5 Qxe5  0-1

[Event "Moscow Open Women 2012"]
[Site "Moscow RUS"]
[Date "2012.02.02"]
[Round "6.16"]
[White "Smirnova,Ek"]
[Black "Timofeeva,Ekaterina"]
[Result "1-0"]
[WhiteElo "2031"]
[BlackElo "2277"]

1.e4 d6 2.d4 Nf6 3.Nc3 e5 4.dxe5 dxe5 5.Qxd8+ Kxd8 6.Bg5 Be6 7.g3 Kc8 8.Bd3 Bc5
9.Bxf6 gxf6 10.f4 c6 11.f5 Bd7 12.a4 b6 13.Nf3 a6 14.Ke2 Be8 15.Rhd1 Nd7
16.Bc4 Bf8 17.Rd2 Bb4 18.Rad1 Rf8 19.Ne1 Bxc3 20.bxc3 Nc5 21.Rd8+ Kb7 22.Rxa8 Kxa8
23.Kf3 Nxa4 24.Bxa6 Kb8 25.Rd6 b5 26.c4 Kc7 27.Rxf6 Nc5 28.cxb5 cxb5 29.c4 b4
30.Nc2 b3 31.Nb4 Ba4 32.Nd5+ Kb8 33.Rb6+ Ka7 34.Bb5 Rb8 35.Rxb8 Kxb8 36.Nc3 b2
37.Bxa4 Nxa4 38.Nb1 Kc7 39.Ke3 Kc6 40.Kd3 Kc5 41.Nd2 Kb4 42.Kc2 Ka3 43.c5 Nxc5
44.Nc4+ Kb4 45.Nxb2 Nd7 46.Kd3 Kb3 47.Nd1  1-0

[Event "Moscow Open E 2012"]
[Site "Moscow RUS"]
[Date "2012.02.02"]
[Round "6"]
[White "Szczepkowska Horowska,K"]
[Black "Drozdova,D"]
[Result "1-0"]
[WhiteElo "2377"]
[BlackElo "2242"]

1.e4 d6 2.d4 Nf6 3.Nc3 e5 4.Nf3 Nbd7 5.Bc4 Be7 6.O-O O-O 7.Re1 c6 8.a4 a5
9.h3 exd4 10.Nxd4 Nb6 11.Bf1 d5 12.e5 Ne8 13.Bd3 g6 14.Kh1 c5 15.Ndb5 Ng7
16.Bf4 Ne6 17.Bh2 Bd7 18.f4 Ng7 19.Qf3 Bc6 20.Rad1 Qc8 21.Qf2 Nf5 22.Kg1 d4
23.Ne4 Nxa4 24.Ned6 Nxd6 25.exd6 Bf6 26.Rb1 Qd7 27.Nc7 Rac8 28.f5 Bg5 29.Kh1 Nb6
30.Qg3 Bh6 31.Re7 Rxc7 32.fxg6 hxg6 33.Bxg6 fxg6 34.Qxg6+  1-0

[Event "Moscow Open 2012 A"]
[Site "Moscow RUS"]
[Date "2012.02.02"]
[Round "6.31"]
[White "Iljiushenok,I"]
[Black "Pridorozhni,A"]
[Result "1/2-1/2"]
[WhiteElo "2422"]
[BlackElo "2555"]

1.e4 d6 2.d4 Nf6 3.Nc3 e5 4.Nf3 Nbd7 5.Bc4 Be7 6.O-O O-O 7.a4 c6 8.Re1 a5
9.h3 exd4 10.Qxd4 Nc5 11.Bf4 Ne6 12.Bxe6 Bxe6 13.Rad1 Ne8 14.Qd3 Qb6 15.Nd5 cxd5
16.exd5 Nc7 17.dxe6 Nxe6 18.Bc1 d5 19.Qxd5 Bc5 20.Qd2 Qc6 21.Ne5 Qxa4 22.Nd7 b6
23.Nxf8 Rxf8 24.Qd3 h6 25.Be3 Rc8 26.Bxc5 Rxc5 27.c3 Rg5 28.Re4 Qc6 29.Rg4 Re5
30.Rc4 Qb7 31.Qd7 Re1+ 32.Kh2 Qxd7 33.Rxd7 Re2 34.f4 g5 35.fxg5 hxg5 36.h4 Rxb2
37.hxg5 Kg7 38.Rb7 b5 39.Rb6 b4 40.cxb4 Rxb4 41.Rcxb4 axb4 42.Rxb4 Nxg5 43.Kg3 Kg6
44.Kg4 f6 45.Rb6 Nf7 46.Rb8 Nh6+ 47.Kf4 Kg7 48.Rb3 Kf7 49.Rg3 Ng8 50.Ke4 Ne7
51.Ra3 Kg6 52.Ra7 Nf5 53.Ra5 Nh6 54.Rb5 Nf7 55.Kd5 Kf5 56.Rb2 Ng5 57.Rf2+ Kg6
58.Rf4 Kf7 59.Kd6 Ne6 60.Ra4 Ng7 61.Kd5 Kg6 62.Rg4+ Kf7 63.Kd6 Nf5+ 64.Kd7 Ne3
65.Rg3 Nf5 66.Rf3 Nh4 67.Rf2 Ng6 68.Kd6 Ne5 69.Rf4 Ng6 70.Ra4 f5 71.Kd5 Kf6
72.Kd4 Nh4 73.Ke3 Ng6 74.Kf3 Ne5+ 75.Ke3 Kg5 76.Rb4 Ng6 77.Rb8 Kf6 78.Ra8 Kg5
79.Rg8 Kf6 80.Kf3 Kf7 81.Ra8 Kf6 82.Ra5 Nh4+ 83.Kf2 Ng6 84.Ke3 Nh4 85.Ra2 Kg5
86.Rf2 Ng6 87.Rf3 Kg4 88.Kf2 Kg5 89.Rg3+ Kf6 90.Kf3 Ne5+ 91.Ke3 Ng6 92.Kd4 Nf4
93.Rf3 Nxg2  1/2-1/2

[Event "Moscow Open 2012 A"]
[Site "Moscow RUS"]
[Date "2012.02.02"]
[Round "6.85"]
[White "Tleptsok,R"]
[Black "Lagashin,P"]
[Result "1-0"]
[WhiteElo "2322"]
[BlackElo "2107"]

1.e4 d6 2.d4 Nf6 3.Nc3 e5 4.Nf3 Nbd7 5.Bc4 Be7 6.Qe2 O-O 7.Bd2 exd4 8.Nxd4 Ne5
9.Bb3 c5 10.Nf3 Bg4 11.h3 Nxf3+ 12.gxf3 Bh5 13.Rg1 Kh8 14.O-O-O a6 15.e5 Nd7
16.exd6 Bf6 17.Ne4 Ne5 18.Nxf6 Qxf6 19.Bc3 Qf4+ 20.Qe3 Qxe3+ 21.fxe3 f6 22.f4 c4
23.fxe5 cxb3 24.exf6 gxf6 25.Rdf1 bxa2 26.Rxf6 a1=Q+ 27.Kd2 Qd1+ 28.Rxd1 Rxf6
29.Rg1 Rf8 30.d7  1-0

[Event "Moscow Open Women 2012"]
[Site "Moscow RUS"]
[Date "2012.02.02"]
[Round "6.28"]
[White "Belova,O"]
[Black "Avdeenko,T"]
[Result "1-0"]
[WhiteElo "2016"]
[BlackElo "2203"]

1.e4 d6 2.d4 Nf6 3.Nc3 e5 4.Nf3 Nbd7 5.Bc4 Be7 6.O-O O-O 7.Re1 c6 8.a4 exd4
9.Nxd4 Ne5 10.Bb3 Re8 11.a5 Bd7 12.h3 Bf8 13.Be3 b5 14.axb6 axb6 15.Rxa8 Qxa8
16.f4 Ng6 17.Nf3 b5 18.Ng5 Nh8 19.Bd4 h6 20.Nf3 b4 21.e5 bxc3 22.exf6 cxb2
23.Bxb2 Qb8 24.fxg7 Bxg7 25.Bxg7 Kxg7 26.Qd4+ f6 27.Rxe8 Qxe8 28.Qxd6 Ng6
29.Qd2 Qe7 30.Nd4 Qe4 31.Ne2 Be8 32.Ng3  1-0

[Event "85th ch-St Petersburg SF"]
[Site "St Petersburg RUS"]
[Date "2012.02.02"]
[Round "6.6"]
[White "Sichinava,Z"]
[Black "Golovankov,V"]
[Result "1-0"]
[WhiteElo "2315"]
[BlackElo "2288"]

1.d4 d6 2.e4 Nf6 3.Nc3 e5 4.Nf3 Nc6 5.dxe5 Nxe5 6.Nxe5 dxe5 7.Qxd8+ Kxd8
8.Bc4 Be6 9.Bxe6 fxe6 10.Ke2 Bd6 11.f3 Ke7 12.Be3 a6 13.Rad1 b5 14.a4 Bb4
15.Rd3 Rhd8 16.axb5 Rxd3 17.Kxd3 Bxc3 18.Kxc3 axb5 19.Kb4 Kd6 20.Rd1+ Kc6
21.Rd3 Ra4+ 22.Kc3 Ra1 23.Rd2 Rh1 24.h3 h6 25.Kd3 Ra1 26.Ke2 Ra8 27.Kf2 Rf8
28.Kg3 g5 29.Kh2 Rg8 30.Rd3 Nd7 31.h4 Rg7 32.b4 Rg8 33.c4 Nb6 34.cxb5+ Kxb5
35.Bxb6 Kxb6 36.hxg5 Rxg5 37.Rc3 Kb5 38.Rxc7 Kxb4 39.Kh3 Kb5 40.g4 Rg6 41.Rf7 Kc5
42.Kh4 Rg5 43.Rf6 Kd6 44.Rxh6 Rg8 45.Rh7 Rf8 46.Kg3 Rg8 47.Rf7 Rg6 48.Kh4 Rh6+
49.Kg5 Rh3 50.Kg6 Rg3 51.g5 Rh3 52.Kg7 Rg3 53.g6 Rh3 54.Kg8  1-0

[Event "TCh-ISR 2011-12"]
[Site "Israel ISR"]
[Date "2012.02.03"]
[Round "7.3"]
[White "Liss,E"]
[Black "Vydeslaver,Ali"]
[Result "1-0"]
[WhiteElo "2470"]
[BlackElo "2386"]

1.e4 d6 2.d4 Nf6 3.Nc3 e5 4.dxe5 dxe5 5.Qxd8+ Kxd8 6.Bg5 c6 7.O-O-O+ Kc7
8.Nf3 Bd6 9.Bc4 Ng4 10.Bh4 f6 11.h3 Nh6 12.g4 Nd7 13.Rd2 Bb4 14.g5 fxg5 15.Nxg5 Nf6
16.Rg1 Bxc3 17.bxc3 Nh5 18.Nf3 Bxh3 19.Nxe5 Rhe8 20.Rg5 g6 21.f3 Ng8 22.Bf7 Rf8
23.Rh2 Bd7 24.Bf2 b6 25.Rhxh5 gxh5 26.Rg7 Ne7 27.Bh4 Nc8 28.Bxh5  1-0

[Event "Moscow Open 2012 A"]
[Site "Moscow RUS"]
[Date "2012.02.03"]
[Round "7.90"]
[White "Sarana,A"]
[Black "Egorov,K"]
[Result "0-1"]
[WhiteElo "2045"]
[BlackElo "2084"]

1.e4 d6 2.d4 Nf6 3.Nc3 Nbd7 4.Nf3 e5 5.Bc4 Be7 6.O-O O-O 7.Bg5 c6 8.a4 b6
9.Qe2 Qc7 10.Rad1 Bb7 11.Rd2 a6 12.Rfd1 b5 13.dxe5 Nxe5 14.Nxe5 dxe5 15.Bxf6 Bxf6
16.Rd7 Qb8 17.Bb3 Bc8 18.R7d6 Qc7 19.Rxc6 Qxc6 20.Bd5 Qe8 21.Bxa8 bxa4 22.Bd5 Be7
23.Qc4 a3 24.Bc6 Be6 25.Nd5 Bxd5 26.exd5 Qb8 27.bxa3 Bxa3 28.Qxa6 Bc5 29.Qd3 Qd6
30.Qf5 Rd8 31.Re1 Bd4 32.g3 g6 33.Qd3 Qc5 34.Re2 Kg7 35.Kg2 Rd6 36.f3 Rf6
37.Qe4 Qa3 38.Bb5 Qc1 39.Re1 Qd2+ 40.Qe2 Qc3 41.Ba4 Rxf3 42.Qxf3 Qxe1 43.d6 Qd2+
44.Kf1 Qxh2 45.Bb3 Qh3+ 46.Ke2 Qd7 47.Qd5 f6 48.c4 Qg4+ 49.Qf3 Qxf3+ 50.Kxf3 f5
51.d7 Bb6 52.c5 Bc7 53.g4 Kf6 54.gxf5 gxf5 55.Bc2 Ke6 56.Bb1 h6 57.Bc2 h5
58.Kg3 Kf6 59.Kh4 Kg6 60.c6 Bd8+ 61.Kg3 Kg5 62.Kf3 h4 63.Bb1 Bc7 64.Bc2 e4+
65.Kg2 Kf4 66.Kh3 Bd8 67.c7 Bxc7 68.Kxh4 Bd8+ 69.Kh3 Kf3 70.Bb1 f4  0-1

[Event "Moscow Open Women 2012"]
[Site "Moscow RUS"]
[Date "2012.02.03"]
[Round "7.45"]
[White "Ibrahimova,S"]
[Black "Butneva,L"]
[Result "1-0"]
[WhiteElo "2070"]
[BlackElo "1832"]

1.e4 d6 2.d4 Nf6 3.Nc3 c6 4.Be2 Qc7 5.Be3 g6 6.h4 h5 7.f3 Nbd7 8.Qd2 e5 9.Nh3 b5
10.Ng5 Bg7 11.Nd1 d5 12.dxe5 Nxe5 13.Nf2 O-O 14.O-O dxe4 15.Ngxe4 Bf5 16.Ng5 Nd5
17.Bc5 Rfd8 18.Nge4 a5 19.a3 Rd7 20.Qc1 Rad8 21.Re1 Ra8 22.a4 b4 23.c4 Nf6
24.Ng5 Rad8 25.Qe3 Re8 26.Bf1 Nh7 27.f4 Nxg5 28.hxg5 f6 29.gxf6 Bxf6 30.Qg3 Kf7
31.fxe5 Bxe5 32.Qf3 Kg7 33.Nh3 Bg4 34.Qb3 Red8 35.Qe3 Re8 36.Qb3 Red8 37.Be3 Bxh3
38.gxh3 c5 39.Qc2 Rf8 40.Bg2 Rdf7 41.Qd2 Bh2+ 42.Kh1 Bf4 43.Rad1 Bxe3 44.Qxe3 Rf2
45.Rd2 R2f6 46.Qe7+ R8f7 47.Qxc7 Rxc7 48.Kg1 Rf4 49.b3 Rf5 50.Re6 Ra7  1-0

[Event "34th Tringov Memorial"]
[Site "Plovdiv BUL"]
[Date "2012.02.03"]
[Round "7.1"]
[White "Spasov,V"]
[Black "Tadic,Br"]
[Result "1/2-1/2"]
[WhiteElo "2570"]
[BlackElo "2487"]

1.e4 d6 2.d4 Nf6 3.Nc3 e5 4.Nf3 Nbd7 5.Bc4 Be7 6.O-O O-O 7.a4 c6 8.Re1 exd4
9.Nxd4 Ne5 10.Bf1 Re8 11.h3 Qa5 12.Nb3 Qc7 13.Bf4 h6 14.Kh1 a5 15.Bh2 Ng6
16.Qd2 Qb6 17.Rad1 Be6 18.Nd4 Bd7 19.Bc4 Rad8 20.Bb3  1/2-1/2

[Event "Schachbundesliga 2011-12"]
[Site "Berlin GER"]
[Date "2012.02.04"]
[Round "8"]
[White "Mueller,Kars"]
[Black "Haslinger,S"]
[Result "1/2-1/2"]
[WhiteElo "2534"]
[BlackElo "2542"]

1.e4 d6 2.d4 Nf6 3.Nc3 e5 4.dxe5 dxe5 5.Qxd8+ Kxd8 6.Bg5 Nd7 7.Bc4 Ke8 8.O-O-O Bd6
9.f3 a6 10.a4 h6 11.Bh4 Be7 12.Be1 Bb4 13.Nge2 c6 14.Kb1 b5 15.Bb3 Be7 16.Nc1 Nc5
17.Bg3 Nfd7 18.Nd3 Nxd3 19.Rxd3 Nc5 20.Bxe5 Nxd3 21.cxd3 Be6 22.Bc2 f6 23.Bg3 Rd8
24.Ne2 g5 25.h4 Kf7 26.f4 Bg4 27.Bb3+ Kg7 28.Nc1 Bd6 29.Rf1 gxf4 30.Bxf4 Bxf4
31.Rxf4 h5 32.Kc2 Rd4 33.Kc3 Rhd8 34.g3 bxa4 35.Bc4 a5 36.Rf2 R4d7 37.Ne2 Bxe2
38.Rxe2 Re7 39.Rf2 Re5 40.Rf4 c5 41.Bb5 f5 42.exf5 Kf6 43.g4 hxg4 44.Rxg4 Rd4
45.Rg6+ Kxf5 46.h5 Rb4 47.Bc4 Re1  1/2-1/2

[Event "Schachbundesliga 2011-12"]
[Site "Dresden GER"]
[Date "2012.02.04"]
[Round "8"]
[White "Boensch,U"]
[Black "Bologan,V"]
[Result "0-1"]
[WhiteElo "2530"]
[BlackElo "2656"]

1.d4 d6 2.e4 Nf6 3.Nc3 c6 4.a4 g6 5.Nf3 Bg7 6.Be2 O-O 7.O-O Nbd7 8.h3 e5
9.dxe5 dxe5 10.Be3 Qe7 11.Qb1 Nc5 12.Nd2 Ne6 13.b4 Nd4 14.Bd1 a5 15.bxa5 Rd8
16.Re1 Rxa5 17.Ne2 Nh5 18.c3 Ra6 19.cxd4 exd4 20.Nxd4 Bxd4 21.Bxd4 Rxd4 22.Nb3 Rdxa4
23.Rxa4 Rxa4 24.Bxh5 gxh5 25.Qd1 Rxe4 26.Rxe4 Qxe4 27.Qxh5 Qg6 28.Qe5 f6
29.Qc7 Qe8 30.f4 Qd7 31.Qb8 c5 32.Nd2 c4 33.Ne4 Kg7 34.Kh2 Qc6 35.Nd6 Bd7
36.Nxb7 Qb6 37.f5 Bxf5 38.Qg3+ Bg6 39.Nd6 c3 40.Nc4 Qc5  0-1

[Event "Moscow Open Women 2012"]
[Site "Moscow RUS"]
[Date "2012.02.04"]
[Round "8.28"]
[White "Dordzhieva,D"]
[Black "Avdeenko,T"]
[Result "1-0"]
[WhiteElo "2033"]
[BlackElo "2203"]

1.e4 d6 2.d4 Nf6 3.Nc3 e5 4.Nf3 Nbd7 5.Bc4 Be7 6.O-O O-O 7.Re1 c6 8.a4 exd4
9.Nxd4 Ne5 10.Ba2 Re8 11.h3 Bd7 12.f4 Ng6 13.Qd3 Bf8 14.Be3 Qa5 15.Bd2 Qh5
16.f5 Ne5 17.Qg3 h6 18.Rad1 a6 19.a5 Be7 20.Nde2 Nh7 21.Nf4 Qh4 22.Qh2 Bd8
23.Ng6 Qh5 24.g4 Nxg4 25.hxg4 Qxg4+ 26.Qg2 Qxg2+ 27.Kxg2 Bxa5 28.Bf4 d5 29.exd5 Nf6
30.Ne5 cxd5 31.Nxd7 Nxd7 32.Rxe8+ Rxe8 33.Rxd5 Bxc3 34.Rxd7  1-0